000 005220000a22001330004500
090 _aAR
_b04459
245 1 0 _aDesenvolvimento de um programa integrado de controle dos nematódeos e a mosca dos chifres na regiao dos cerrados
_sfase 2: observacoes sobre a dinamica populacional dos besouros coprófagos autoctones
041 0 _aPortugues
700 1 _aBianchin, Ivo
_998348
700 1 _aGomes, Alberto
_998349
100 1 _aHoner, Michael Robin
_998350
942 _cARTICULO
773 1 _tPesquisa em Andamento
_h40
_q1-5
_d1988
999 _c13558
_d13558